Größten Landkreise Deutschlands (Fläche) - Statistiken

Allgemein
  • Dieses Quiz wurde 49 mal gespielt
  • Das Durchschnittsergebnis liegt bei 13 aus 20
Antwortstatistiken
Fläche Bundesland Landkreis % Korrekt
3.431 km² Mecklenburg-Vorpommern Rostock
85%
5.496 km² Mecklenburg-Vorpommern Mecklenburgische Seenplatte
83%
2.884 km² Niedersachsen Emsland
80%
2.127 km² Mecklenburg-Vorpommern Nordwestmecklenburg
80%
3.216 km² Mecklenburg-Vorpommern Vorpommern-Rügen
72%
2.424 km² Sachsen-Anhalt Stendal
70%
3.077 km² Brandenburg Uckermark
70%
3.946 km² Mecklenburg-Vorpommern Vorpommern-Greifswald
70%
4.767 km² Mecklenburg-Vorpommern Ludwigslust-Parchim
67%
2.297 km² Niedersachsen Region Hannover
67%
2.139 km² Brandenburg Prignitz
65%
2.367 km² Sachsen-Anhalt Börde
63%
2.275 km² Brandenburg Dahme-Spreewald
61%
2.257 km² Brandenburg Oder-Spree
61%
2.396 km² Sachsen Bautzen
57%
2.159 km² Brandenburg Märkisch-Oderland
57%
2.526 km² Brandenburg Ostprignitz-Ruppin
50%
2.592 km² Brandenburg Potsdam-Mittelmark
50%
2.190 km² Schleswig-Holstein Rendsburg-Eckernförde
43%
2.294 km² Sachsen-Anhalt Altmarkkreis Salzwedel
30%
Keine übereinstimmenden Quizze gefunden
Verteilung der Resultate
Anzahl Personen mit jedem Resultat
Perzentil nach korrekt beantworteten Fragen
Ihre Resultats-Entwicklung
Sie haben dieses Quiz noch nicht gespielt